<?xml version="1.0" encoding="UTF-8"?>
<record
    xmlns:xsi="http://www.w3.org/2001/XMLSchema-instance"
    xsi:schemaLocation="http://www.loc.gov/MARC21/slim http://www.loc.gov/standards/marcxml/schema/MARC21slim.xsd"
    xmlns="http://www.loc.gov/MARC21/slim">

  <leader>00867nam a22002297a 4500</leader>
  <controlfield tag="008">240620b        mp ||||| |||| 00| 0 mon d</controlfield>
  <datafield tag="020" ind1=" " ind2=" ">
    <subfield code="a">978-99973-1-259-4</subfield>
  </datafield>
  <datafield tag="035" ind1=" " ind2=" ">
    <subfield code="a">20949</subfield>
  </datafield>
  <datafield tag="040" ind1=" " ind2=" ">
    <subfield code="a">UM0146080</subfield>
    <subfield code="b">mon</subfield>
    <subfield code="c">MN-UlNLM</subfield>
    <subfield code="d">MN-UlNLM</subfield>
    <subfield code="e">rda</subfield>
  </datafield>
  <datafield tag="041" ind1=" " ind2=" ">
    <subfield code="a">mon</subfield>
  </datafield>
  <datafield tag="042" ind1=" " ind2=" ">
    <subfield code="a">81103</subfield>
  </datafield>
  <datafield tag="084" ind1=" " ind2=" ">
    <subfield code="2">NNA</subfield>
    <subfield code="a">82.3/3/</subfield>
    <subfield code="b">&#x413;773</subfield>
  </datafield>
  <datafield tag="245" ind1=" " ind2="0">
    <subfield code="a">365 &#x4AF;&#x434;&#x44D;&#x448;</subfield>
  </datafield>
  <datafield tag="264" ind1=" " ind2=" ">
    <subfield code="a">&#x423;&#x43B;&#x430;&#x430;&#x43D;&#x431;&#x430;&#x430;&#x442;&#x430;&#x440;</subfield>
    <subfield code="b">&#x41C;&#x43E;&#x43D;&#x441;&#x443;&#x434;&#x430;&#x440;</subfield>
    <subfield code="c">2015</subfield>
  </datafield>
  <datafield tag="300" ind1=" " ind2=" ">
    <subfield code="a">491&#x445;.</subfield>
  </datafield>
  <datafield tag="336" ind1=" " ind2=" ">
    <subfield code="2">rdacontent</subfield>
    <subfield code="a">text</subfield>
    <subfield code="b">txt</subfield>
  </datafield>
  <datafield tag="337" ind1=" " ind2=" ">
    <subfield code="2">rdamedia</subfield>
    <subfield code="a">unmediated</subfield>
    <subfield code="b">n</subfield>
  </datafield>
  <datafield tag="338" ind1=" " ind2=" ">
    <subfield code="2">rdacarrier</subfield>
    <subfield code="a">volume</subfield>
    <subfield code="b">nc</subfield>
  </datafield>
  <datafield tag="650" ind1=" " ind2=" ">
    <subfield code="a">&#x42D;&#x440;&#x445;&#x44D;&#x43C; &#x430;&#x430;&#x432;, &#x44D;&#x44D;&#x436; &#x43D;&#x430;&#x440;&#x430;&#x430;! &#x41C;&#x43E;&#x43D;&#x433;&#x43E;&#x43B;&#x447;&#x443;&#x443;&#x434; &#x431;&#x438;&#x434; &#x4E9;&#x432;&#x43B;&#x438;&#x439;&#x43D; &#x443;&#x440;&#x442; &#x43E;&#x440;&#x43E;&#x439;, &#x437;&#x443;&#x43D;&#x44B; &#x448;&#x4E9;&#x43D;&#x438;&#x439;&#x43D; &#x43E;&#x434;&#x442;&#x43E;&#x439; &#x442;&#x44D;&#x43D;&#x433;&#x44D;&#x440;&#x438;&#x439;&#x43D; &#x434;&#x43E;&#x43E;&#x440; &#x4AF;&#x440; &#x445;&#x4AF;&#x4AF;&#x445;&#x434;&#x4AF;&#x4AF;&#x434;&#x44D;&#x44D; &#x442;&#x43E;&#x439;&#x440;&#x443;&#x443;&#x43B;&#x436; &#x441;&#x443;&#x443;&#x43B;&#x433;&#x430;&#x430;&#x434; &#x4AF;&#x43B;&#x433;&#x44D;&#x440; &#x442;&#x443;...</subfield>
  </datafield>
  <datafield tag="942" ind1=" " ind2=" ">
    <subfield code="2">NNA</subfield>
    <subfield code="c">BK</subfield>
  </datafield>
  <datafield tag="952" ind1=" " ind2=" ">
    <subfield code="0">0</subfield>
    <subfield code="1">0</subfield>
    <subfield code="4">0</subfield>
    <subfield code="6">8233_&#x413;773</subfield>
    <subfield code="7">0</subfield>
    <subfield code="8">UM0145</subfield>
    <subfield code="a">UM0146080</subfield>
    <subfield code="b">UM0146080</subfield>
    <subfield code="c">UM0145</subfield>
    <subfield code="d">2024-07-01</subfield>
    <subfield code="g">49900.00</subfield>
    <subfield code="l">0</subfield>
    <subfield code="o">82.3/3/  &#x413;773</subfield>
    <subfield code="p">UM01420949-2-1</subfield>
    <subfield code="r">2024-07-01</subfield>
    <subfield code="t">91652</subfield>
    <subfield code="y">BK</subfield>
  </datafield>
  <datafield tag="999" ind1=" " ind2=" ">
    <subfield code="c">1054673</subfield>
    <subfield code="d">1054730</subfield>
  </datafield>
</record>
